000 00857nam a2200229Ia 4500
003 GCL
008 140319s9999 xx 000 0 ara d
040 _aGCL /
_cGCL
082 0 4 _a025
_bل د
100 1 _aمصطفى حسام الدين
245 1 0 _aدليل انشاء وادارة قواعد البيانات البيليوجرافية /
_cمصطفى حسام الدين
700 1 _aمحمد سالم
700 1 _aيسرية عبدالحليم زايد
700 1 _aلورو، انى دى
260 _aالقاهرة :
_bالدار المصرية اللبنانية ،
_c1996
300 _a208 ص ؛
_c24 سم
490 _aالهيئة العامة للاستعلامات
_v0
650 0 4 _aالمكتبات
650 0 4 _aالفهرس الالكترونى
650 0 4 _aالمكتبات - برامج الحاسبات
942 _2ddc
_cBK
999 _c50550
_d50550